| 000 | 02359cam a2200565 i 4500 | ||
|---|---|---|---|
| 001 | 562 | ||
| 005 | 20230616134014.0 | ||
| 008 | 170412t20182001nyua j 000 1 eng d | ||
| 020 | _a9781338216233 | ||
| 020 | _a1338216236 | ||
| 020 |
_a9781544402291 _q(FollettBound) |
||
| 020 |
_a1544402295 _q(FollettBound) |
||
| 040 |
_aCHILD _beng _cCHILD _erda _dBTCTA _dYDX _dJTD _dIEP _dOCLCO _dCHY _dOCJ _dOCLCO _dZHB _dOCLCF _dTCH _dVP@ _dOCL _dMULAP _dQT4 _dOCLCA _dCGB _dDLC |
||
| 050 | 0 | 0 |
_aPZ7.P63123 _bCaw 2018 |
| 082 | 0 | 4 |
_a[Fic] _223 |
| 100 | 1 |
_aPilkey, Dav, _d1966- _eauthor, _eillustrator. |
|
| 245 | 1 | 0 |
_aCaptain Underpants and the wrath of the wicked Wedgie Woman / _cthe fifth epic novel by Dav Pilkey ; with color by Jose Garibaldi. |
| 250 | _aFirst color edition. | ||
| 260 |
_aLondon : _bScholastic. _c2001. |
||
| 300 |
_a165 pages : _bcolor illustrations ; _c22 cm |
||
| 500 | _a"Now in full color." | ||
| 505 | _aO | ||
| 520 | _aWhen Harold and George turn fourth-grade teacher Ms. Ribble into the evil Wedgie Woman, she gives the wedgie of doom to unsuspecting people who stand in her way--including principal-turned-superhero Captain Underpants. | ||
| 521 |
_a640
_bLexile |
||
| 521 |
_aO
_bRaz-Plus |
||
| 650 | 0 |
_aImagination _vJuvenile fiction. |
|
| 650 | 0 |
_aSchools _vJuvenile fiction. |
|
| 650 | 0 |
_aSchool principals _vJuvenile fiction. |
|
| 650 | 0 |
_aHeroes _vJuvenile fiction. |
|
| 650 | 1 |
_aImagination _vFiction. |
|
| 650 | 1 |
_aSchools _vFiction. |
|
| 650 | 1 |
_aSchool principals _vFiction. |
|
| 650 | 1 |
_aHeroes _vFiction. |
|
| 650 | 1 | _aHumorous stories. | |
| 650 | 7 |
_aJUVENILE FICTION / Readers / Chapter Books. _2bisacsh |
|
| 650 | 7 |
_aJUVENILE FICTION / Humorous Stories. _2bisacsh |
|
| 650 | 7 |
_aJUVENILE FICTION / Action & Adventure / General. _2bisacsh |
|
| 650 | 7 |
_aHeroes. _2fast _0(OCoLC)fst00955558 |
|
| 650 | 7 |
_aImagination. _2fast _0(OCoLC)fst00967585 |
|
| 650 | 7 |
_aSchool principals. _2fast _0(OCoLC)fst01107681 |
|
| 650 | 7 |
_aSchools. _2fast _0(OCoLC)fst01107958 |
|
| 655 | 4 | _aHumorous fiction. | |
| 655 | 7 |
_aHumorous fiction. _2fast _0(OCoLC)fst01726649 |
|
| 655 | 7 |
_aFiction. _2fast _0(OCoLC)fst01423787 |
|
| 655 | 7 |
_aJuvenile works. _2fast _0(OCoLC)fst01411637 |
|
| 655 | 7 |
_aHumorous fiction. _2lcgft |
|
| 700 | 1 |
_aGaribaldi, Jose, _ecolourist. |
|
| 906 |
_a7 _bcbc _ccopycat _d2 _encip _f20 _gy-gencatlg |
||
| 942 |
_2ddc _cBK _n0 |
||
| 999 |
_c562 _d562 |
||